| 000 | 01764cam a2200289 a 4500 | ||
|---|---|---|---|
| 999 |
_c2712 _d2712 |
||
| 001 | 14742279 | ||
| 005 | 20170529090428.0 | ||
| 008 | 070222s2007 njuab b 001 0 eng | ||
| 010 | _a 2007007572 | ||
| 020 | _a156902264X (hbk.) | ||
| 020 | _a1569022658 (pbk.) | ||
| 040 |
_aDLC _cDLC _dDLC |
||
| 043 | _af-sj--- | ||
| 050 | 0 | 0 |
_aDT157.67 _b.A36 2007 |
| 082 | 0 | 0 |
_a962.9 _222 |
| 100 | 1 |
_aAkol, Lam. _931146 |
|
| 245 | 1 | 0 |
_aSouthern Sudan : _bcolonialism, resistance, and autonomy / _cLam Akol. |
| 260 |
_aTrenton, NJ : _bThe Red Sea Press, _cc2007. |
||
| 300 |
_a324 p. : _bill., maps ; _c22 cm. |
||
| 504 | _aIncludes bibliographical references and index. | ||
| 505 | 0 | _aIntroduction -- The peoples of southern Sudan -- Provinces of southern Sudan, 1898-1956 -- Fashoda: a colonial watershed? -- Condominium policies towards the South, 1922-1947 -- The Juba Conference -- The beginnings of organized action -- Self-government, 1953-1955 -- Independent Sudan, 1956-1964 -- The liberation struggle, 1960-1964 -- The fall of the military regime, October 1964 -- Developments in the liberation struggle, 1965-1972 -- The Addis Ababa agreement -- The regional government -- Conclusion. | |
| 651 | 0 |
_aSudan _xHistory _yCivil War, 1955-1972. _931147 |
|
| 651 | 0 |
_aSudan _xHistory _yCivil War, 1983-2005. _931148 |
|
| 856 | 4 | 1 |
_3Table of contents only _uhttp://www.loc.gov/catdir/toc/ecip0711/2007007572.html |
| 906 |
_a7 _bcbc _corignew _d1 _eecip _f20 _gy-gencatlg |
||
| 942 |
_2lcc _cMONOGRAPH |
||